000 00511nam a2200181Ia 4500
001 15707
005 20260306170216.0
008 260306t2014||||xx |||||||||||||| ||und||
041 _aESP
082 _a577.27
_bD88A V. 1
100 _aDomenech Antúnez, Xavier,
_eAUT
245 0 _aFundamentos de química ambiental :
_bquímica de los sistemas atmosférico, edáfico e hidrosférico
260 _c2014
300 _a425 páginas :
_c23 cm.
650 _aGEN
654 _aCIA
942 _cLIB
_dJUS
_fJUS
_2ddc
_n
999 _c15707
_d15707